| 000 | 00995nam a22002417a 4500 | ||
|---|---|---|---|
| 999 |
_c13233 _d13233 |
||
| 003 | AR-CdUCM | ||
| 008 | 190411b ||||| |||| 00| 0 spa d | ||
| 040 |
_aMUNICIPALIDAD PROVINCIAL DEL CUSCO _cBIBLIOTECA MUNICIPAL DEL CUSCO |
||
| 082 |
_a353.91 / _bP45 / 1949 |
||
| 110 |
_aDirección General del Trabajo _931525 |
||
| 245 | _aProntuario de la jurisprudencia del trabajo / | ||
| 260 |
_aLima : _bMinisterio de Justicia y Trabajo, _c1949. |
||
| 300 |
_a156 páginas ; _c21.5 cm. |
||
| 440 |
_aSerie legislativa ; _n2 _931526 |
||
| 505 | _aContenido:Limitaciones legales del trabajo -- Derechos y garantías de los obreros y empleados en servicio -- Indemnización por tiempo de servicios -- De los accidentes del trabajo -- Control e inspección ... | ||
| 650 |
_aDerecho laboral _95297 |
||
| 650 |
_aJurisprudencia _9927 |
||
| 650 |
_aTrabajadores _98056 |
||
| 650 |
_aPerú _935 |
||
| 710 |
_aMinisterio de Justicia y Trabajo _931527 |
||
| 942 |
_2ddc _cLIBROS |
||
| 945 |
_aacv _d2019-04-11 |
||